Koľko údajov pribudne na cenovkách?

O zavedení označovania potravinárskych a nepotravinárskych výrobkov jednotkovou cenou. Jednotková cena ako služba zákazníkom. Zdanie najlacnejšieho výrobku nemusí byť pravda. Čo by malo byť označované jednotkovou (dvojitou) cenou.

Gespeichert in:
Bibliographische Detailangaben
1. Verfasser: Hinková-Dibarborová, Andrea
Format: Buchkapitel
Sprache:Slowakisch
Schlagworte:
Tags: Tag hinzufügen
Keine Tags, Fügen Sie das erste Tag hinzu!

MARC

LEADER 00000naa a2200000 4500
001 r044249
005 20231004093952.1
041 0 |a slo 
044 |a SK 
245 1 0 |a Koľko údajov pribudne na cenovkách?  |c Andrea Hinková 
520 |a O zavedení označovania potravinárskych a nepotravinárskych výrobkov jednotkovou cenou. Jednotková cena ako služba zákazníkom. Zdanie najlacnejšieho výrobku nemusí byť pravda. Čo by malo byť označované jednotkovou (dvojitou) cenou. 
610 2 0 |a ceny jednotkové 
610 2 0 |a ceny duálne 
610 2 0 |a ceny maloobchodné 
610 2 0 |a ceny predajné 
610 2 0 |a zákazníci 
610 2 0 |a obchodníci 
610 2 0 |a porovnanie cenové 
610 2 0 |a Slovensko 
100 1 |a Hinková-Dibarborová, Andrea